The Journal of Mental Health Training, Education and Practice

Bibliographic Details
Format: eBook
Language:English
Published: Bingley: Emerald Group Publishing Limited, 2006
Subjects:
Online Access:Acceso restringido

MARC

LEADER 00000nam a22000007a 4500
005 20210212222750.0
007 cr|||| ||||
008 210212c20069999gb n|w s|||| 0|||b1eng d
022 |a 1755-6228 
035 |a 31966 
040 |a vLex 
090 |c 11166  |d 11166 
245 0 3 |a The Journal of Mental Health Training, Education and Practice  |h [Recurso electrn̤ico] / 
256 |a Servicio en ln̕ea 
260 |a Bingley:  |b Emerald Group Publishing Limited,  |c 2006 
300 |a 1 recurso electrn̤ico 
310 |a Irregular 
362 |a Nð 1-1 (May. 2006) - 
506 1 |a Disponible solo en los productos indicados  |d vLex Global  |d vLex Global (Academic Edition, excluding Law Schools)  |d vLex Global (U.S. Academic Edition, Law Schools)  |d vLex Global (U.S. Academic Edition, excluding Law Schools)  |d vLex Global (Academic Edition, Law Schools) 
650 0 4 |a Derecho Pb︢lico y Administrativo  |z Reino Unido 
740 0 |a vLex Revistas (Servicio en ln̕ea) 
856 4 0 |u http://vlex.com/source/31966  |z Acceso restringido 
942 |c REV 
999 0 |a Public and Administrative Law